000 005290000a22002050004500
003 LK-CoMWRAF
005 20231019213048.0
008 230817t ||||| |||| 00| 0 eng d
020 _a9558095842
040 _aLK-CoMWRAF
_dLK-CoMWRAF
_eLK-CoMWRAF
041 _aeng
082 _a823
_bDEM
100 _aDe Mel, Premala
245 _aTales from the mara
260 _aSri Lanka(Colombo) :
_bVijitha Yapa,
_c2004
300 _a138p. ; 21cm
650 _aEnglish Fiction
650 _aSri Lankan Fiction--English
942 _cBK
999 _c838
_d838